000
00306nam a2200133Ia 4500
008
190216s9999||||xx |||||||||||||| ||und||
100
_a
Raisinghania. Md And Aggarwal R.S
245
0
_a
Trigonometry
250
_a
2nd Ed.
260
_b
Null
_c
1985
300
_a
144
650
_a
Mathematics
942
_c
BK
999
_c
30999
_d
30999